Mecanismo de las Reacciones Orgánicas / (Record no. 6734)

000 -CABECERA
fixed length control field 01056nam a22002657a 4500
003 - IDENTIFICADOR DEL NÚMERO DE CONTROL
control field AR-CdUCM
008 - DATOS DE LONGITUD FIJA--INFORMACIÓN GENERAL
fixed length control field 190319b ||||| |||| 00| 0 spa d
020 ## - NÚMERO INTERNACIONAL ESTÁNDAR DEL LIBRO
ISBN 84-205-0309-6
020 ## - NÚMERO INTERNACIONAL ESTÁNDAR DEL LIBRO
ISBN 84-205-0298-7
020 ## - NÚMERO INTERNACIONAL ESTÁNDAR DEL LIBRO
ISBN 84-205-0341-X
040 ## - FUENTE DE LA CATALOGACIÓN
Agencia/entidad que catalogó originalmente la obra MUNICIPALIDAD PROVINCIAL DEL CUSCO
Entidad que transcribió la catalogación BIBLIOTECA MUNICIPAL DEL CUSCO
082 ## - NÚMERO DE LA CLASIFICACIÓN DECIMAL DEWEY
No. de Clasificación 547.139 /
Notacion interna P44
100 ## - ENTRADA PRINCIPAL--NOMBRE DE PERSONA
Nombre Personal Perez A. Ossorio, Rafael
245 ## - MENCIÓN DE TÍTULO
Título Mecanismo de las Reacciones Orgánicas /
260 ## - PUBLICACIÓN, DISTRIBUCIÓN, ETC.
Lugar de publicación, distribución, etc. Madrid :
Nombre de la editorial, distribuidor, etc. Alhambra,
Fecha de publicación, distribución, etc. 1976.
300 ## - DESCRIPCIÓN FÍSICA
Nº de Páginas Extensión 2 tomos ;
Otros detalles físicos graficos, tablas, ilustraciones
Dimensiones 20cm.
440 ## - MENCIÓN DE SERIE/PUNTO DE ACCESO ADICIONAL--TÍTULO
Título Exedra - ciencia tecnica ingenieria
Número de la parte/sección de una obra 111
9 (RLIN) 18961
505 ## - NOTA DE CONTENIDO CON FORMATO
Nota de contenido formateada Contenido:t.1 Reacciones organicas -- metodos para su estudio -- analisis conformacional -- sustitucion nucleofila -- reacciones de eliminacion<br/>t.2 Reacciones de adicion -- cicloadiciones -- electrociclicas -- transposiciones moleculares
650 ## - PUNTO DE ACCESO ADICIONAL DE MATERIA--TÉRMINO DE MATERIA
Descriptor Quimica
9 (RLIN) 4512
650 ## - PUNTO DE ACCESO ADICIONAL DE MATERIA--TÉRMINO DE MATERIA
Descriptor Reacciones
9 (RLIN) 18962
650 ## - PUNTO DE ACCESO ADICIONAL DE MATERIA--TÉRMINO DE MATERIA
Descriptor Nucleofila
9 (RLIN) 18963
650 ## - PUNTO DE ACCESO ADICIONAL DE MATERIA--TÉRMINO DE MATERIA
Descriptor Reacciones organicas
9 (RLIN) 18964
942 ## - ELEMENTOS DE PUNTO DE ACCESO ADICIONAL (KOHA)
Fuente de clasificación
Tipo de item Libros-BMC
945 ## - PROCESAMIENTO DE INFORMACIÓN LOCAL (OCLC)
Catalogador pjha
Holdings
Estado de retiro (separado) Fuente de clasificación o esquema de estanterías Estado dañado Ubicación Sala donde se ubica Nombre de la colección Fecha de adquisición o compra Costo, precio normal en soles Signatura topográfica Código de Barras Última vez visto (Koha) Tipo de ítem (Koha)
No     Sala Ciencias Sala Ciencias Book Cart 2019-03-19 20.00 547.139 / P44 / t.1 SC0000000134 2019-03-19 Libros-BMC
No     Sala Ciencias Sala Ciencias Book Cart 2019-03-19 20.00 547.139 / P44 / t.2 SC0000000135 2019-03-19 Libros-BMC

Powered by Koha